Statistics for GEOGRAPHY BASIC

Click here to take the quiz!

General Stats

  • This quiz has been taken 16 times
  • The average score is 23 of 31

Answer Stats

HintAnswer% Correct
CAPITAL CITY OF AUSTRALIACanberra
100%
WHERE CAN YOU FIND GEISHAS AND SUSHI (COUNTRY)Japan
100%
RECOGNIZE CITY BY BOROUGHS A NEIGHBORHOODS: Queens, Staten Island, Harlem, Tribeca, Williamsburg, Chinatown, SoHo, East Village, Greenwich Village, Hell's Kitchen, Upper East Side, Upper West Side, Bronx, Manhattan, Brooklyn,New York
100%
IN WHICH CITY IS THE LOUVRE, THE MOST VISITED MUSEUM IN THE WORLDParis
100%
CAPITAL CITY OF USAWashington D.C.
100%
HOW MANY STARS ARE ON THE AMERICAN FLAG50
93%
LONGEST RIVER IN THE WORLDAmazon River
93%
ON WHICH CONTINENT CAN YOU FIND ULURUAustralia
93%
IN WHICH COUNTRY JIM CARREY, BRYAN ADAMS, MICHAEL J FOX, MIKE MYERS WHERE BORNCanada
93%
WORLDS BEST WINES SUCH AS DOM PÉRIGNON, CHÂTEAU LAFITE ROTHSCHILD, CHÂTEAU LATOUR, CHÂTEAU MOUTON ROTHSCHILD, CHÂTEAU HAUT-BRION, CHÂTEAU MARGAUX, CHÂTEAU D'YQUEM ARE FROM WHICH COUNTRYFrance
93%
CAPITAL CITY OF UKLondon
93%
RECOGNIZE CITY BY BOROUGHS A NEIGHBORHOODS: Downtown, Pasadena, Sherman Oaks, Koreatown, Venice, Encino, Santa Monica, Beverly Hills, HollywoodLos Angeles
93%
CAPITAL CITY OF CANADAOttawa
93%
CURRENCY OF SWITZERLANDSwiss Franc
93%
HOW MANY STRIPES ARE ON THE AMERICAN FLAG13
86%
HOW MANY KOREAS ARE THERE2
86%
WHICH ANIMAL IS ON CALIDFORNIA'S FLAGGrizzly Bear
86%
IN WHICH COUNTRY CAN YOU VISIT SERENGETITanzania
79%
MOST WIDELY PRACTISED RELIGION IN THE WORLD, WITH SOME 2.8 BILLION FOLOWERS ISChristianity
71%
PLANET CLOSEST TO SUNMercury
71%
DEEPEST LOCATION ON EARTHThe Mariana Trench
71%
WHICH UK COUNTRY HAS A DRAGON ON FLAGWales
71%
CURRENCY IN CHINAYuan
57%
CAPITAL CITY OF MADAGASCARAntananarivo
50%
THE BIGGEST PORT IN THE WORLDPort of Shanghai
50%
16TH PRESIDENT OF USAAbraham Lincoln
43%
ON FLAG OF WHICH COUNTRY IS THE ORDEM E PROGRESSO WRITTENBrazil
43%
WHICH MONARCHIST ESTABLISHMENT IS IN BRUNEI AND OMANSultanate
43%
WHO DISCOVERED ANTARCTICARoald Amundsen
36%
GULYAS LEVES IS NATIONAL DISH OF WHICH COUNTRYHungary
21%
CURRENCY IN PERUSol
0%

Score Distribution

Percentile by Number Answered

Percent of People with Each Score

Your Score History

You have not taken this quiz